000
00412pam a2200109a 44500
008
230405s2007 xxu||||| |||| 00| 0 eng d
041
_a
MAR
100
_a
-म रा मा व उ मा शि मंडळ पुणे
245
_a
युवकभारती हिंदी [12 वी]
260
_a
_b
मा राज्य मा उच्च मा शिक्षण मंडळ
_c
2007
906
_a
7661
999
_c
299004
_d
299004